000 00261nam a2200109Ia 4500
008 190216s9999||||xx |||||||||||||| ||und||
100 _aJayannathan V R
245 0 _aHindi-Prayog Aur Prayog
260 _bOxford University Press
650 _aHindi
942 _cBK
999 _c15462
_d15462